عرض عادي
عرض مارك
- الإجراءات المدنية
دخول Topical Term
001 - CONTROL NUMBER
- control field: 30656
003 - CONTROL NUMBER IDENTIFIER
- control field: AE-AdECS
005 - DATE AND TIME OF LATEST TRANSACTION
- control field: 20260617134940.0
008 - FIXED-LENGTH DATA ELEMENTS
- fixed length control field: 260617|| aca||aabn | a|a d
040 ## - CATALOGING SOURCE
- Original cataloging agency: AE-AdECS
- Transcribing agency: AE-AdECS
150 ## - HEADING--TOPICAL TERM
- Topical term or geographic name entry element: الإجراءات المدنية
- Geographic subdivision: تونس
- General subdivision: قوانين و تشريعات
670 ## - SOURCE DATA FOUND
- Source citation: Work cat.: (AE-AdECS)295445: السلمان، ميسون عبد الرزاق عبد النبي، مؤلف. 30655, الإجراءات الأساسية في النزاع المدني :
